LEADER 04492nam0 2200613 450 001 000043501 005 20180920144854.0 100 $a20171109d--------km-y0itaa50------ba 101 0 $aita 102 $aIT 200 1 $aPubblicazioni del centro di sperimentazione agricola e forestale$fEnte nazionale per la cellulosa e per la carta 210 $aRoma$cNuova grafica romana 215 $aVolumi$cill.$d26 cm. 300 $aTitoli e riassunti anche in inglese 316 $aIn testa al frontespizio dell'esemplare FVig/41630, firma autografa e data: Gioacchino Viggiani, 13-5-58 316 $aIn testa al frontespizio del vol. 2, firma autografa e data: Gioacchino Viggiani, 20-3-67 316 $aIn testa al frontespizio del vol. 3, firma autografa e data: Gioacchino Viggiani, 21-3-67 316 $aIn testa al frontespizio del vol. 8, firma autografa e data: Gioacchino Viggiani, 21-3-67 327 1 $aVol. 1: Memorie presentate al I Congresso Mondiale dell'Eucalitto (Roma, ottobre 1956). -1957. - 20 carte di tav., 3 carte ripieg.$aVol. 2: (1958-59). - 1959. - 266 p., 31 carte di tav., 4 tab.$aVol. 3: (1959). - 1960. - 268 p., 31 carte di tav.$aVol. 4: (1960). - 1960. - 275 p., 22 carte di tav.$aVol. 5: (1961) : pubblicato in memoria del dr. Luciano Chianese. - 1962. - 278 p., 34 carte di tav., [2] carte di tav. ripieg.$aVol. 6: (1962-63). - 1963. - 277 p., 32 carte di tav.$aVol. 7: (1963-64). - 1964. - 293 p., 68 carte di tav., [21] carte di tav. ripieg.$aVol. 8: (1965-66). - 1966. - 313 p., 31 carte di tav. 559 1 $aMemorie presentate al I Congresso Mondiale dell'Eucalitto (Roma, ottobre 1956) 559 1 $a(1958-59) 559 1 $a(1959) 559 1 $a(1960) 559 1 $a(1961) 559 1 $a(1962-63) 559 1 $a(1963-64) 559 1 $a(1965-66) 606 1 $aAgraria$xRicerca sperimentale 606 2 $aSelvicoltura$xRicerca sperimentale 606 2 $aPatologia vegetale$xRicerca sperimentale 676 $a630.7$v(22. ed.)$9Agricoltura e tecnologie connesse. Educazione, ricerca, soggetti connessi 676 $a634.9045$v(22. ed.)$9Scienze forestali. Italia 710 02$aEnte nazionale per la cellulosa e per la carta$073144 801 0$aIT$bUniversità della Basilicata - B.I.A.$gREICAT$2unimarc 912 $a000043501 996 $aPubblicazioni del centro di sperimentazione agricola e forestale$91532155 997 $aUNIBAS CAT $aSTD016$b01$c20171109$lBAS01$h1813 CAT $aTTM$b30$c20171115$lBAS01$h1027 CAT $aTTM$b30$c20171213$lBAS01$h1302 CAT $aATR$b20$c20180531$lBAS01$h1202 CAT $aTTM$b30$c20180920$lBAS01$h1010 CAT $aTTM$b30$c20180920$lBAS01$h1018 CAT $aTTM$b30$c20180920$lBAS01$h1448 FMT Z30 -1$lBAS01$LBAS01$mBOOK$1BASA2$APolo Tecnico-Scientifico$2FVIG$BFondo Viggiani$3FVig/41630$641630$5T41630$7Collocato presso la Scuola di Agraria$820171109$f35$FStanza riservata$hVol. 1 Z30 -1$lBAS01$LBAS01$mBOOK$1BASA2$APolo Tecnico-Scientifico$2FVIG$BFondo Viggiani$3FVig/42986$642986$5T42986$7Collocato presso la Scuola di Agraria$820180920$f35$FStanza riservata$hVol. 1 Z30 -1$lBAS01$LBAS01$mBOOK$1BASA2$APolo Tecnico-Scientifico$2FVIG$BFondo Viggiani$3FVig/42987$642987$5T42987$7Collocato presso la Scuola di Agraria$820180920$f35$FStanza riservata$hVol. 2 Z30 -1$lBAS01$LBAS01$mBOOK$1BASA2$APolo Tecnico-Scientifico$2FVIG$BFondo Viggiani$3FVig/42988$642988$5T42988$7Collocato presso la Scuola di Agraria$820180920$f35$FStanza riservata$hVol. 3 Z30 -1$lBAS01$LBAS01$mBOOK$1BASA2$APolo Tecnico-Scientifico$2FVIG$BFondo Viggiani$3FVig/42989$642989$5T42989$7Collocato presso la Scuola di Agraria$820180920$f35$FStanza riservata$hVol. 4 Z30 -1$lBAS01$LBAS01$mBOOK$1BASA2$APolo Tecnico-Scientifico$2FVIG$BFondo Viggiani$3FVig/42990$642990$5T42990$7Collocato presso la Scuola di Agraria$820180920$f35$FStanza riservata$hVol. 5 Z30 -1$lBAS01$LBAS01$mBOOK$1BASA2$APolo Tecnico-Scientifico$2FVIG$BFondo Viggiani$3FVig/42991$642991$5T42991$7Collocato presso la Scuola di Agraria$820180920$f35$FStanza riservata$hVol. 6 Z30 -1$lBAS01$LBAS01$mBOOK$1BASA2$APolo Tecnico-Scientifico$2FVIG$BFondo Viggiani$3FVig/42992$642992$5T42992$7Collocato presso la Scuola di Agraria$820180920$f35$FStanza riservata$hVol. 7 Z30 -1$lBAS01$LBAS01$mBOOK$1BASA2$APolo Tecnico-Scientifico$2FVIG$BFondo Viggiani$3FVig/42993$642993$5T42993$7Collocato presso la Scuola di Agraria$820180920$f35$FStanza riservata$hVol. 8